000
00268nam a22001337a 4500
008
180227b xxu||||| |||| 00| 0 eng d
020
_a
9781560275626
041
_a
eng
080
_a
62
100
_a
27
101
_a
IM
245
_a
FARFC 06
_c
WA
942
_2
udc
_c
BK
999
_c
43625
_d
43625